| 000 | 01074cam a2200253Ii 4500 | ||
|---|---|---|---|
| 001 | ritual00walt | ||
| 003 | CaSfIA | ||
| 005 | 20210118215531.0 | ||
| 007 | cr|||| | ||
| 008 | 821110s1980 nyu 000 1 eng d | ||
| 040 |
_aORR _cORR _dOCLCQ _dCaSfIA |
||
| 035 | _a(OCoLC)8944441 | ||
| 050 | 4 |
_aPS3573.A472 _bR5 1980 |
|
| 100 | 1 | _aWalters, R. R. | |
| 245 | 1 | 4 |
_aThe ritual / _h[electronic resource] _cR.R. Walters. |
| 250 | _a1st Charter ed. | ||
| 260 |
_aNew York : _bCharter, _c1980. |
||
| 300 |
_a218 p. _c18 cm. |
||
| 856 | 4 | 1 |
_uhttp://www.archive.org/details/ritual00walt _zFree eBook from the Internet Archive |
| 856 | 4 | 2 |
_uhttp://www.openlibrary.org/books/OL24368487M _zAdditional information and access via Open Library |
| 942 | _cEB | ||
| 506 | _fНеобхідна авторизація на https://archive.org/ (створення облікового запису безкоштовно) | ||
| 506 | _fНеобхідна авторизація на https://openlibrary.org/ (створення облікового запису безкоштовно) | ||
| 999 |
_c544051 _d544051 |
||